01082nam a2200277Ia 4500008004100000020001800041040001800059041000800077110004600085245012100131260006200252300003900314650003400353650004100387650002700428650002300455650003800478650004100516650005300557650003700610700002800647700003300675700004300708700002500751700002800776130821s2010 ck a gr spa  a9789586780292 aCo-BoUCMbspa00aspa1 aColombia.bSuperintendencia de Sociedades10aEmpresas Colombianas actualidad y perspectivas IIcAdolfo Palma Torres...[et al.]. ; Superintendencia de Sociedades aBogotá (Colombia)bSuperintendencia de Sociedadesc2010 a306 páginasbcuadros, gráficos04aCiclos económicoszColombia04aConcentración industrialzColombia04aEconomía del trabajo04aEmpresaszColombia04aÉtica de los negocioszColombia04aFinanciamiento de empresaszColombia04aResponsabilidad social de los negocioszColombia04aSociedades comercialeszColombia1 aGaitán Rozo, Andrés1 aHincapie Cardona, Alba Lucia1 aMásmela Delgadillo, Ángela Marcela1 aPalma Torres, Adolfo1 aRozo Jiménez, Alberto